000 00909nas a2200265 i 4500
003 DO-SdBNP
005 20260527142717.0
007 ta
008 260521e2012 dr mn|p|r||||||0| 0 spa d
040 _aDO-SdBNP
_bspa
_cBNPHU
_erda
041 _aspa
110 _aCreartex
_989676
245 _aSomos Magazine Gold /
_cCreartex.
264 _aSanto Domingo, República Dominicana :
_bCreartex,
_c2012.
300 _avolumen :
_bilustraciones, fotografías ;
_c30.4 cm.
310 _aMensual.
336 _atexto
_btxt
_2rdacontent
337 _asin mediación
_bn
_2rdamedia
338 _avolumen
_bnc
_2rdacarrier
362 _aAño 4. Volumen 18, diciembre, 2012.
500 _aCatalogación basada en el Año 4. Volumen 18, diciembre, 2012.
650 0 _aVariedades
_vPublicaciones periódicas
_989561
650 0 _aModa
_vPublicaciones periódicas
_zRepública Dominicana
_963351
942 _2ddc
_cISSUE
999 _c60803
_d60803